| 000 | 00496 a2200169 4500 | ||
|---|---|---|---|
| 005 | 20241021101349.0 | ||
| 008 | 241001b |||||||| |||| 00| 0 eng d | ||
| 020 | _a9781787635623 | ||
| 080 |
_a159.923.2 _bMCG/H |
||
| 100 | _aMcGonigal, Jane | ||
| 245 |
_aImaginable _b: how to see the future coming and be ready for anything |
||
| 260 |
_bBantam _aLondon _c2022 |
||
| 300 | _axxxiii,393p. | ||
| 653 | _aSelf-actualization (Psychology) | ||
| 653 | _aAdaptability (Psychology) | ||
| 942 | _cBK | ||
| 999 |
_c112505 _d112504 |
||